01166nam a22002897a 4500999001700000003000900017005001700026008004100043020001500084040004300099082002700142100004800169245012700217264007400344264001000418300002900428336002600457337003500483338002900518504006300547650003400610653002200644655002400666700005600690942000800746952012200754 c28968d28939EG-ScBUE20201020120757.0200219t2006 ua f b 000 0 ara d a9776163343 aEG-ScBUEbaraerdacEG-ScBUEdEG-ScBUE04a111.85bز هـ ر2221 aأبو زهرة، عادل،eمؤلف.12aالبيئة وفلسفة الجمال /cعادل أبو زهرة ؛ تقديم إسماعيل سراج الدين. 1aالإسكندرية :bمكتبة الإسكندرية،c[2006] 4cc2006 a159 صفحة ؛c24 سم 2rdacontentaنصbtxt 2rdamediaaبدون وسيطbn 2rdacarrieraمجلدbnc aيشتمل على إرجاعات ببليوجرافية. 7a‪الجمال (فن)2BUEsh bGGENcOctober2020 vReading book9342321 aسراج الدين، إسماعيل،eمقدم. 2ddc 00102ddc40708BaccahaMAINbMAINcLOWd2020-10-20ePurchaseo111.85 ز هـ رp000050006r2025-07-15 00:00:00yBB